000 01604nam a22002657a 4500
005 20110805121740.0
010 _aB-427572-576
020 _a8188965197
_c70.00
035 _aB-427572-576
037 _bVirtuous Publications
082 _a305.42
100 _aBhasin, Kamla
_931551
245 _aUnderstanding gender
_cby Kamla Bhasin
260 _aNew Delhi
_bWomen unlimited
_c2010.
270 _aK-36, Hauz Khas
_bNew Delhi
300 _a86p.
_c22 cm (Pbk)
650 _aGender
_931552
942 _2ddc
_cEN
_h305.42
_mBHA
999 _c54724
_d54724